Datum a čas kvízu
20
Celkem bodů
Celkový počet nahraných bodů na tomto kvízu bez doplňovacích otázek.
11.
Pořadí na kvízu
Konečné umístění týmu na tomto kvízu.
Zaznamenané odpovědi
| # | Otázka | Odpověď | Body | Výsledky |
|---|---|---|---|---|
| 1. | Bývalý senátor, europoslanec a... | Jaromír Štětina | 0 | |
| 2. | V jednom z evropských států je... | Lucembursko | 0 | |
| 3. | V pátek byly v Paříži uděleny... | Roman Polański | 1 | |
| 4. | Akcionáři jedné mediální spole... | CME, PPF | 0.5 | |
| 5. | V Anglii, Skotsku a Severním... | hlavičkování | 1 | |
| 6. | Peníze máme v ruce každý den,... | Česká národní banka | 0 | |
| 7. | Která z těchto osobností jako... | A | 0 | |
| 8. | Celkem kolikrát je na obou str... | čtyřikrát | 0 | |
| 9. | Kolik Kč činí nominální hodnot... | 2 000 Kč | 1 | |
| 10. | Které z mincí o hodnotě 1 až 5... | všechny | 0 |